000
00358nam a22001217a 4500
003
SGT
082
_a
920
_b
I16P
100
_a
पांडेय, नरेंद्र कुमार
245
_a
इतिहास के आईने में
260
_b
सत्साहित्य प्रकाशन
_c
2016
300
_a
160
942
_2
ddc
_c
BK
999
_c
31989
_d
31989